00566nam a2200181Ia 450000500170000000800460001703700120006304000210007504100130009608400190010910000200012824500240014826000540017230000160022694200190024299900210026195201020028220250508151113.0008 250505s9999 xx 000 0 eng d aTextual aFEDL bengcFEDL aeng2eng a320, LASqFEDL aLaski Harold J. 0aGrammar of politics aLondon, UKbGeorge Allen and Unwin Limited c1950 axxvii,672p. cTEXLh320, LAS c1327597d1327597 00104070aFEDLbFEDLd2025-05-08l0o320, LASpEL0007505r2025-05-08 15:11:13w2025-05-08yTEXL